Informačné toky realizované vo vybranej firme

Dáta v spoločnosti sú dôležitou časťou manažérskych procesov. V príspevku sa autori zameriavajú na identifikáciu výrobných informácií, ich následnú homogenizáciu, návrh spracovania a využitia dát a následnej cielenej implementácie štatistických metód podľa vyhodnotených informácií z identifikácie dá...

Descripción completa

Guardado en:
Detalles Bibliográficos
Autor principal: Hajduová, Zuzana, 1974-
Otros Autores: Andrejkovič, Marek
Formato: Capítulo de libro
Lenguaje:eslovaco
Materias:
Etiquetas: Agregar Etiqueta
Sin Etiquetas, Sea el primero en etiquetar este registro!

MARC

LEADER 00000naa$a2200000$$$4500
001 0162995
005 20240527102324.6
041 0 |a slo 
044 |a SK 
245 1 0 |a Informačné toky realizované vo vybranej firme  |c Zuzana Hajduová, Marek Andrejkovič 
520 |a Dáta v spoločnosti sú dôležitou časťou manažérskych procesov. V príspevku sa autori zameriavajú na identifikáciu výrobných informácií, ich následnú homogenizáciu, návrh spracovania a využitia dát a následnej cielenej implementácie štatistických metód podľa vyhodnotených informácií z identifikácie dátových tokov. 
610 2 0 |a spoločnosti 
610 2 0 |a informatizácia 
610 2 0 |a dáta 
610 2 0 |a štatistika 
610 2 0 |a metódy štatistické 
610 2 0 |a softvér 
100 1 |a Hajduová, Zuzana, 1974- 
700 1 |a Andrejkovič, Marek